Didaktické prostriedky ako optimalizačný faktor procesu vzdelávania /

Hlavní autor: Hašková, Alena
Korporativní autor: Univerzita Hradec Králové. Fakulta informatiky a managementu
Další autoři: Pisoňová, Mária, Bitterová, Miriam
Jazyk: Slovenština
Vydáno: Hradec Králové : Gaudeamus, 2011
Vydání: Vyd. 1.
Edice: Recenzované monografie
Témata:
Fyzický popis: 275 s. : il. (některé barev.), portréty ; 24 cm
Language note: Anglické resumé
Knihy
Uloženo v:
LEADER 01884nam a2200505 a 4500
001 nkc20112265653
003 CZ PrNK
005 20161207095810.0
007 ta
008 111221s2011 xr ac f 000 0 slo
015 |a cnb002265653 
020 |a 978-80-7435-160-0  |q (brož.) 
035 |a (OCoLC)776512900 
040 |a ABA001  |b cze 
041 0 |a slo  |b eng 
072 7 |a 37.09  |x Organizace výuky a vzdělávání  |2 Konspekt  |9 22 
080 |a 37.091.64  |2 MRF 
080 |a 37.0  |2 MRF 
080 |a (048.8:082)  |2 MRF 
100 1 |a Hašková, Alena  |7 hka2011674614  |4 aut 
245 1 0 |a Didaktické prostriedky ako optimalizačný faktor procesu vzdelávania /  |c Alena Hašková, Mária Pisoňová, Miriam Bitterová a kol. 
250 |a Vyd. 1. 
260 |a Hradec Králové :  |b Gaudeamus,  |c 2011 
300 |a 275 s. :  |b il. (některé barev.), portréty ;  |c 24 cm 
490 1 |a Recenzované monografie 
500 |a Nad názvem: Univerzita Hradec Králové, Fakulta informatiky a managementu 
500 |a 200 výt. 
504 |a Obsahuje bibliografie 
546 |a Anglické resumé 
550 |a Vydavatel: Univerzita Hradec Králové 
650 0 7 |a didaktická technika  |7 ph119431  |2 czenas 
650 0 7 |a vzdělávání  |7 ph127311  |2 czenas 
650 0 9 |a educational technology  |2 eczenas 
650 0 9 |a education  |2 eczenas 
655 7 |a kolektivní monografie  |7 fd501537  |2 czenas 
655 9 |a collective monographs  |2 eczenas 
700 1 |a Pisoňová, Mária  |7 hka2011674613  |4 aut 
700 1 |a Bitterová, Miriam  |7 hka2011674612  |4 aut 
710 2 |a Univerzita Hradec Králové.  |b Fakulta informatiky a managementu  |7 kn20020321790 
830 0 |a Recenzované monografie  |0 s 
910 2 |a BOA001  |b 2-1274.884 
990 |a BK 
995 |a 01 
991 |b 201201  |c NOV  |e n 
996 6 |b 2610494973  |c 2-1274.884  |l MZK  |r Sklad / do 1 hodiny  |n 2  |p p.v.  |w 001220572  |u 000010  |a 1  |e BOA001  |j MZK50  |s P